[Event "Capablancas Open"]
[Site "SchemingMind.com"]
[Date "2006.06.22"]
[Round "-"]
[White "mtrx"]
[Black "Dr_Pat"]
[Result "1-0"]
[WhiteCountry "PHI"]
[BlackCountry "USA"]
[WhiteElo "1459"]
[WhiteRD "109"]
[BlackElo "1440"]
[BlackRD "47"]
[GameID "56407"]

1. c4 Nf6 2. d4 e6 3. Bd2 d5 4. e3 Be7 5. Nc3 O-O 6. Bd3 Nbd7 7. Nf3 dxc4 8. Bxc4 a6 9. Qc2 b5 10. Bd3 c5
11. Ng5 g6 12. h4 Bb7 13. f3 cxd4 14. exd4 Qc7 15. Kf2 Rac8 16. a3 Rfe8 17. h5 Nxh5 18. Rxh5 gxh5 19. Bxh7+ Kf8 20. Nxe6+ fxe6
21. Bh6+ Kf7 22. Qg6#
1-0

[Event "Capablancas Open"]
[Site "SchemingMind.com"]
[Date "2006.06.22"]
[Round "-"]
[White "mtrx"]
[Black "mikewharvey"]
[Result "1-0"]
[WhiteCountry "PHI"]
[BlackCountry "GBR"]
[WhiteElo "1576"]
[WhiteRD "73"]
[BlackElo "1668"]
[BlackRD "104"]
[GameID "56408"]

1. e4 e5 2. Nf3 Nc6 3. Bb5 Nf6 4. Bxc6 dxc6 5. d3 Bd6 6. Bg5 h6 7. Be3 O-O 8. Nc3 Bg4 9. Qd2 c5 10. h3 Be6
11. Ne2 c4 12. Ng3 Nh7 13. Nh2 cxd3 14. Qxd3 Bb4+ 15. Bd2 Bxd2+ 16. Qxd2 Qxd2+ 17. Kxd2 Rad8+ 18. Ke1 Bc4 19. b3 Bb5 20. c4 Bc6
21. Ke2 f5 22. f3 fxe4 23. Nxe4 Nf6 24. Nc5 Rd6 25. Rhd1 Re8 26. Rxd6 cxd6 27. Na4 e4 28. fxe4 Nxe4 29. Kf1 Rf8+ 30. Kg1 b5
31. cxb5 Bxb5 32. Nf3 d5 33. Rc1 Re8 34. Nd4 a6 35. Nxb5 axb5 36. Nb6 Rd8 37. Rd1 d4 38. a4 bxa4 39. Nxa4 Kf7 40. g4 Ke6
41. Rd3 Kd5 42. Kg2 Nc5 43. Nxc5 Kxc5 44. Kf3 Re8 45. h4 g5 46. hxg5 hxg5 47. Kg3 Re3+ 48. Rxe3
1-0

[Event "Capablancas Open"]
[Site "SchemingMind.com"]
[Date "2006.06.26"]
[Round "-"]
[White "Gary"]
[Black "mtrx"]
[Result "0-1"]
[WhiteCountry "ENG"]
[BlackCountry "PHI"]
[WhiteElo "1425"]
[WhiteRD "59"]
[BlackElo "1570"]
[BlackRD "83"]
[GameID "56409"]

1. e4 e5 2. Nf3 d6 3. d4 Bg4 4. dxe5 Bxf3 5. Qxf3 dxe5 6. Bc4 Nf6 7. Bg5 Be7 8. O-O h6 9. Bh4 Nc6 10. Nc3 Nd4
11. Qd3 c6 12. Rad1 b5 13. Bb3 Qc7 14. Ne2 Nxe2+ 15. Qxe2 O-O 16. Rd2 Rad8 17. Rfd1 Nh7 18. Bxe7 Qxe7 19. c4 a6 20. a4 Rxd2
21. Rxd2 Ng5 22. axb5 axb5 23. cxb5 cxb5
0-1

[Event "Capablancas Open"]
[Site "SchemingMind.com"]
[Date "2006.06.22"]
[Round "-"]
[White "capablanca"]
[Black "mtrx"]
[Result "0-1"]
[WhiteCountry "GER"]
[BlackCountry "PHI"]
[WhiteElo "1599"]
[WhiteRD "56"]
[BlackElo "1459"]
[BlackRD "109"]
[GameID "56410"]

1. e4 d6 2. d4 c6 3. Nf3 g6 4. Nc3 Bg7 5. Bc4 e6 6. O-O Ne7 7. Bf4 b5 8. Bb3 Bb7 9. e5 d5 10. Ne2 Nd7
11. Nc1 a5 12. c3 c5 13. Ne2 c4 14. Bc2 b4 15. Ng3 Qc7 16. Qd2 Qb6 17. Bh6 O-O 18. Bxg7 Kxg7 19. h4 Nf5 20. h5 b3
21. axb3 cxb3 22. Bd3 Ba6 23. Bxa6 Rxa6 24. Nxf5+ exf5 25. h6+ Kg8 26. Qg5 f6 27. exf6 Nxf6 28. Rfe1 Qd6 29. Ne5 Ne4 30. Qe3= a4
31. f3 Ng3 32. Nd3 f4 33. Qe7 Qf6 34. Nb4 Rd6 35. Rxa4 g5 36. Re5 Qxh6 37. Qxg5+ Rg6 38. Qxh6 Rxh6 39. Rg5+ Kh8 40. Rxg3 fxg3
41. Kf1 Re8
0-1

[Event "Capablancas Open"]
[Site "SchemingMind.com"]
[Date "2006.06.22"]
[Round "-"]
[White "e_castle3"]
[Black "mtrx"]
[Result "1-0"]
[WhiteCountry "PHI"]
[BlackCountry "PHI"]
[WhiteElo "1830"]
[WhiteRD "65"]
[BlackElo "1557"]
[BlackRD "75"]
[GameID "56411"]

1. e4 c5 2. Nf3 d6 3. Bc4 Nf6 4. Nc3 Nc6 5. O-O h6 6. Re1 e6 7. Bf1 Be7 8. b3 Nh7 9. Bb2 e5 10. Nd5 Bg4
11. h3 Bxf3 12. Qxf3 Qd7 13. c3 Ng5 14. Qd1 O-O 15. Qc2 Bd8 16. Rad1 Ne7 17. c4 f5 18. d3 f4 19. Bc1 Ba5 20. b4 cxb4
21. Qb3 Nxd5 22. cxd5 f3 23. Bxg5 hxg5 24. g4 Kf7 25. d4 exd4 26. Rxd4 Bb6 27. Rd3 Ke7 28. Qxb4 Bc5 29. Qb3 b6 30. e5 Rae8
31. Rd2 Qb7 32. Bb5 Rd8 33. exd6+ Kxd6 34. Re6+ Kc7 35. d6+ Rxd6 36. Rdxd6 Bxd6 37. Qc4+ Bc5 38. Re7+
1-0

[Event "Capablancas Open"]
[Site "SchemingMind.com"]
[Date "2006.06.22"]
[Round "-"]
[White "iain"]
[Black "mtrx"]
[Result "0-1"]
[WhiteCountry "USA"]
[BlackCountry "PHI"]
[WhiteElo "1376"]
[WhiteRD "56"]
[BlackElo "1459"]
[BlackRD "109"]
[GameID "56412"]

1. d4 e6 2. c4 Nf6 3. Nc3 Bb4 4. Bd2 c5 5. e3 Nc6 6. a3 Bxc3 7. Bxc3 Qe7 8. Nf3 O-O 9. Be2 b6 10. O-O Bb7
11. Ne5 d6 12. Nxc6 Bxc6 13. Bf3 d5 14. dxc5 Qxc5 15. Be2 a5 16. b4 Qe7 17. b5 Bb7 18. Bf3 Rfd8 19. Qe2 h6 20. Rfd1 Ne4
21. Bxe4 dxe4 22. Rxd8+ Rxd8 23. a4 e5 24. Rd1 Rxd1+ 25. Qxd1 Qc7 26. Qg4 Qxc4 27. Bxe5 Qc1+
0-1

[Event "Capablancas Open"]
[Site "SchemingMind.com"]
[Date "2006.06.22"]
[Round "-"]
[White "Dr_Pat"]
[Black "mtrx"]
[Result "0-1"]
[WhiteCountry "USA"]
[BlackCountry "PHI"]
[WhiteElo "1440"]
[WhiteRD "47"]
[BlackElo "1459"]
[BlackRD "109"]
[GameID "56413"]

1. d4 c6 2. c4 e6 3. Nc3 Nf6 4. e3 d5 5. Nf3 Be7 6. Bd3 h6 7. O-O Bd7 8. Qb3 b6 9. e4 a5 10. Bf4 Nh5
11. Be3 dxc4 12. Bxc4 b5 13. Be2 a4 14. Qc2 Na6 15. e5 Nb4 16. Qc1 Nd5 17. Nxd5 exd5 18. Ne1 g6 19. Bxh6 Qc7 20. a3 O-O-O
21. Bg5 f6 22. exf6 Nxf6 23. h3 Rde8 24. Nf3 Nh5 25. Bxe7 Rxe7 26. Bd1 Nf4 27. Nh2 Bxh3 28. Bg4+ Kb7 29. Bxh3 Nxh3+ 30. gxh3 Rxh3
31. f4 Re2 32. Rf2 Rxf2 33. Kxf2 Rxh2+ 34. Kg3 Qh7 35. f5 Qh4+ 36. Kf3 Rf2+ 37. Ke3 Qg3#
0-1

[Event "Capablancas Open"]
[Site "SchemingMind.com"]
[Date "2006.06.22"]
[Round "-"]
[White "jmoore"]
[Black "Gary"]
[Result "1-0"]
[WhiteCountry "USA"]
[BlackCountry "ENG"]
[WhiteElo "1531"]
[WhiteRD "71"]
[BlackElo "1371"]
[BlackRD "60"]
[GameID "56503"]

1. g3 e5 2. Bg2 Nf6 3. Nf3 Nc6 4. O-O Be7 5. Nc3 O-O 6. d3 d5 7. e4 Be6 8. Ng5 Bg4 9. Bf3 Bxf3 10. Nxf3 Rc8
11. Ng5 h6 12. Nf3 Bb4 13. Bd2 dxe4 14. Nxe4 Bxd2 15. Qxd2 Qe7 16. Qc3 Rfe8 17. Rfe1 Nd5 18. Qc5 Qxc5 19. Nxc5
1-0

[Event "Capablancas Open"]
[Site "SchemingMind.com"]
[Date "2006.06.22"]
[Round "-"]
[White "jmoore"]
[Black "capablanca"]
[Result "0-1"]
[WhiteCountry "USA"]
[BlackCountry "GER"]
[WhiteElo "1498"]
[WhiteRD "75"]
[BlackElo "1599"]
[BlackRD "56"]
[GameID "56504"]

1. d4 d5 2. Nc3 Nf6 3. e3 Nc6 4. Bb5 Bd7 5. Nf3 a6 6. Bd3 g6 7. O-O Bg7 8. Bd2 O-O 9. Na4 Ne4 10. Nc5 Nxd2
11. Nxd2 e5 12. Nxb7 Qb8 13. Nc5 Bc8 14. Ndb3 exd4 15. exd4 Nxd4 16. Nxd4 Bxd4 17. Nb3 Bxb2 18. Rb1 Bg7 19. Nc5 Qa7 20. Nb3 Be6
21. Na5 Qc5 22. Nb3 Qd6 23. Na5 c5 24. Nb7 Qc6 25. Na5 Qd7 26. Rb7 Qd6 27. c4 dxc4 28. Be4 Qxd1 29. Rxd1 Rab8 30. Ra7 Rb2
31. Rxa6 Rxa2 32. Bb7 c3 33. g3 c2 34. Rc1 Ra1 35. Nb3 Rxa6 36. Bxa6 Bxb3 37. Bd3 Bb2
0-1

[Event "Capablancas Open"]
[Site "SchemingMind.com"]
[Date "2006.06.22"]
[Round "-"]
[White "jmoore"]
[Black "e_castle3"]
[Result "0-1"]
[WhiteCountry "USA"]
[BlackCountry "PHI"]
[WhiteElo "1530"]
[WhiteRD "71"]
[BlackElo "1796"]
[BlackRD "64"]
[GameID "56505"]

1. d4 d5 2. c4 c6 3. e3 Bf5 4. Bd2 e6 5. Nf3 Nf6 6. Nc3 Nbd7 7. c5 Be7 8. Be2 O-O 9. O-O b6 10. Nh4 Be4
11. Bf3 Bxf3 12. Nxf3 bxc5 13. Na4 cxd4 14. Nxd4 c5 15. Nc6 Qe8 16. a3 Bd6 17. Bc3 Qc8 18. Na5 Rb8 19. Re1 Qc7 20. g3 Ne4
21. Nb3 Nxc3 22. Nxc3 c4 23. Nd4 a6 24. Qe2 Nc5 25. Qc2 Nd3 26. Reb1 Be5 27. Nce2 g6 28. b4 Bg7 29. Rf1 e5 30. Nb3 Rfc8
31. Nbc1 e4 32. Nd4 Qb6 33. Qe2 Bxd4 34. exd4 Qxd4 35. Nxd3 exd3 36. Qe7 Re8 37. Qc5 Qxc5 38. bxc5 Re6 39. Rab1 Rxb1 40. Rxb1 Rc6
41. Kf1 Rxc5 42. Ke1 d4 43. Kd2 Rb5 44. Rc1 Rb2+ 45. Kd1 c3 46. h4 Rxf2
0-1

[Event "Capablancas Open"]
[Site "SchemingMind.com"]
[Date "2006.06.22"]
[Round "-"]
[White "jmoore"]
[Black "iain"]
[Result "1/2-1/2"]
[WhiteCountry "USA"]
[BlackCountry "USA"]
[WhiteElo "1498"]
[WhiteRD "75"]
[BlackElo "1376"]
[BlackRD "56"]
[GameID "56506"]

1. e4 d6 2. d4 Nf6 3. Nc3 g6 4. e5 dxe5 5. dxe5 Qxd1+ 6. Nxd1 Ng4 7. Bf4 Bg7 8. h3 Nxe5 9. Be2 O-O 10. Nf3 Nxf3+
11. Bxf3 c6 12. O-O e5 13. Be3 Nd7 14. Nc3 Nb6 15. Ne4 Rd8 16. Rad1 Rxd1 17. Rxd1 Be6 18. Nd6 Rb8 19. b3 Nd5 20. Bxa7 Ra8
21. Be3 Rxa2 22. Rd2 Nxe3 23. fxe3 Bxb3 24. Nxb7 Rxc2 25. Rd8+ Bf8 26. Na5 Rc1+ 27. Kh2 Ba4 28. Rc8 c5 29. Bc6 Bxc6 30. Nxc6 f6
31. Ne7+ Kf7 32. Nd5 h5 33. Rc6 Bg7 34. Rc7+ Ke6 35. e4 Bf8 36. Rc6+ Kd7 37. Rxf6 Bd6 38. Rxg6 c4 39. Nf6+ Kc6 40. Nxh5 Kc5
41. Ng3 c3 42. Ne2 Rc2 43. Nxc3 Bc7 44. Nd1 Kd4 45. Rg4 Rd2 46. Rg7 Bd6 47. Rg6 Kxe4 48. Nc3+ Kf5 49. Rg4 e4+ 50. Kg1 Bc5+
51. Kh1 Bd6 52. g3 Be5 53. Nxe4 Re2 54. Nc5 Re3 55. Kg2 Re2+ 56. Kf3 Rc2 57. Ne4 Rh2 58. h4 Bxg3 59. Kxg3 Rg2+ 60. Kxg2 Kxg4
61. Nf2+ Kxh4
1/2-1/2

[Event "Capablancas Open"]
[Site "SchemingMind.com"]
[Date "2006.06.22"]
[Round "-"]
[White "jmoore"]
[Black "Dr_Pat"]
[Result "1-0"]
[WhiteCountry "USA"]
[BlackCountry "USA"]
[WhiteElo "1498"]
[WhiteRD "75"]
[BlackElo "1440"]
[BlackRD "47"]
[GameID "56507"]

1. e4 c5 2. d4 cxd4 3. Qxd4 Nc6 4. Qd3 e5 5. Nf3 Nf6 6. Bg5 Be7 7. Be2 O-O 8. O-O h6 9. Be3 a6 10. Nc3 b5
11. Nh4 Bb7 12. Nd5 Nxd5 13. exd5 Nb4 14. Qe4 Nxd5 15. Nf5 Nxe3 16. Qxe3 Bg5 17. Qxe5 Qf6 18. Qxf6 Bxf6 19. c3 Be4 20. Ng3 Bg6
21. Rad1 Rad8 22. Rd6 Ra8 23. Rxd7 Rfd8 24. Rxd8+ Rxd8 25. Rd1 Rxd1+ 26. Bxd1 Kf8 27. Bb3 Bg5 28. Ne2 a5 29. Nd4 Bd3 30. Bd1 Bc1
31. b3 Bb2 32. Be2 Bxe2 33. Nxe2 Ke7 34. Kf1 Kd6 35. Ke1 Ke5 36. Kd2 Ke4 37. Nd4 b4 38. f3+ Ke5 39. Nc6+ Kf4 40. c4 g5
41. Nxa5 h5 42. c5 Ke5 43. Nc4+
1-0

[Event "Capablancas Open"]
[Site "SchemingMind.com"]
[Date "2006.06.22"]
[Round "-"]
[White "jmoore"]
[Black "mtrx"]
[Result "0-1"]
[WhiteCountry "USA"]
[BlackCountry "PHI"]
[WhiteElo "1530"]
[WhiteRD "71"]
[BlackElo "1570"]
[BlackRD "83"]
[GameID "56508"]

1. e4 e5 2. Nf3 d6 3. d4 Nf6 4. Nc3 Bd7 5. h3 Be7 6. dxe5 dxe5 7. Be2 Nc6 8. O-O h6 9. Nd5 Nh7 10. Bd2 a6
11. Nh2 Nd4 12. Bd3 c6 13. Ne3 Ng5 14. Bc3 c5 15. Bxd4 exd4 16. Neg4 Bd6 17. h4 Nh7 18. e5 Bxg4 19. Nxg4 Bc7 20. Qf3 O-O
21. Qxb7 Rb8 22. Qe4 g6 23. Nxh6+ Kg7 24. Ng4 Qxh4 25. g3 Qg5 26. Be2 Rbe8 27. f4 Qe7 28. Bxa6 f5 29. Qf3 fxg4 30. Qxg4 Qe6
31. Qe2 Qh3 32. Qh2 Qxh2+ 33. Kxh2 Rh8 34. Kg2 g5 35. Bb5 Rb8 36. a4 gxf4 37. gxf4 Kf7 38. b3 Ke6 39. Bc4+ Ke7 40. Rae1 Nf8
41. f5 Rh5 42. f6+ Ke8 43. e6 Ng6 44. e7 Be5 45. Bb5+ Kf7 46. e8=Q+ Rxe8 47. Bxe8+ Kxe8 48. f7+ Kf8 49. a5 Rh2+ 50. Kf3 Rxc2
51. Ra1 d3 52. a6 Bxa1 53. Rxa1 d2 54. a7 Ra2 55. a8=Q+ Rxa8 56. Rxa8+ Kxf7 57. Rd8 Ne5+ 58. Ke2 Ke7 59. Rxd2 Ke6 60. Ke3 Nc6
61. Ke4 Nb4 62. Rh2 Kd6 63. Rh6+ Kd7 64. Ke5 Kc7 65. Ke6 Kc6 66. Rh8 Kc7 67. Ke5 Kc6 68. Rc8+ Kb6 69. Kd6 Na6= 70. Rc6+ Kb5
71. Kd5 Nb4+ 72. Kd6 Nxc6 73. Kd5 Nd4
0-1

[Event "Capablancas Open"]
[Site "SchemingMind.com"]
[Date "2006.06.22"]
[Round "-"]
[White "jmoore"]
[Black "mikewharvey"]
[Result "0-1"]
[WhiteCountry "USA"]
[BlackCountry "GBR"]
[WhiteElo "1531"]
[WhiteRD "71"]
[BlackElo "1726"]
[BlackRD "104"]
[GameID "56509"]

1. d4 d5 2. c4 dxc4 3. Qa4+ Nd7 4. Qxc4 Nb6 5. Qd3 Nf6 6. e3 Bg4 7. Be2 e6 8. h3 Bf5 9. Qb5+ c6 10. Qb3 Bd6
11. Bd2 a5 12. Nf3 Qc7 13. Nc3 a4 14. Qd1 Ne4 15. Bd3 Nxf2 16. Kxf2 Bxd3 17. Be1 Bc4 18. b3 axb3 19. axb3 Rxa1 20. Qxa1 Bxb3
21. Nd2 Bc2 22. Qa2 Bg6 23. Nc4 O-O 24. Nxb6 Qxb6 25. Na4 Qa6 26. Nc3 Qxa2+ 27. Nxa2 f6 28. Nc3 Bb4 29. Na4 Bxe1+ 30. Rxe1 e5
31. Nc5 b5 32. Rc1 exd4 33. exd4 Bf7 34. Nd7 Rd8 35. Nc5 Rxd4 36. Re1 Rd8 37. Re7 Re8 38. Rc7 Bd5 39. Nd3 Re4 40. Nc5 Rc4
41. Rc8+ Kf7 42. Rc7+ Kg6 43. Nd3 Kh6 44. Nf4 Rxf4+ 45. Kg3 Re4 46. h4 b4 47. Kh2 b3 48. Rb7 Re2 49. Kg3 b2 50. Kh3 Ba2
0-1

[Event "Capablancas Open"]
[Site "SchemingMind.com"]
[Date "2006.06.26"]
[Round "-"]
[White "Gary"]
[Black "jmoore"]
[Result "0-1"]
[WhiteCountry "ENG"]
[BlackCountry "USA"]
[WhiteElo "1371"]
[WhiteRD "60"]
[BlackElo "1531"]
[BlackRD "71"]
[GameID "56510"]

1. e4 e5 2. Nf3 Nc6 3. Bb5 Nf6 4. O-O Nxe4 5. d4 exd4 6. Re1 f5 7. Ng5 Be7 8. Nxe4 fxe4 9. Rxe4 O-O 10. c3 Bd6
11. Bxc6 dxc6 12. Rxd4 Qe7 13. Be3 c5 14. Rd2 b6 15. Re2 Qf7 16. Nd2 Qg6 17. Nf3 Rxf3
0-1

[Event "Capablancas Open"]
[Site "SchemingMind.com"]
[Date "2006.06.23"]
[Round "-"]
[White "capablanca"]
[Black "jmoore"]
[Result "0-1"]
[WhiteCountry "GER"]
[BlackCountry "USA"]
[WhiteElo "1599"]
[WhiteRD "56"]
[BlackElo "1498"]
[BlackRD "75"]
[GameID "56511"]

1. e4 e5 2. Nf3 Nc6 3. Bb5 Nf6 4. Bxc6 dxc6 5. d4 Bg4 6. dxe5 Qxd1+ 7. Kxd1 Nxe4 8. Ke2 Bc5 9. Be3 O-O 10. h3 Bxe3
11. hxg4 Bb6 12. Rf1 f6 13. Nbd2 Ng5 14. exf6 Rae8+ 15. Kd1 Nxf3 16. Nxf3 Rxf6 17. c3 Rf4 18. g5 Rg4 19. g3 Rge4 20. Kc2 Re2+
21. Kb3 Bxf2 22. Rad1 Bxg3 23. Nd4 R2e5 24. g6 hxg6 25. Rg1 Bf2 26. Rxg6 a5 27. Nf3 Rb5+ 28. Kc2 Re2+ 29. Rd2 Rxd2+ 30. Nxd2 Kh7
31. Rg2 Be3 32. Nc4 Bh6 33. a4 Rc5 34. Nd2 Rd5 35. Ne4 Re5 36. Rg4 g5 37. Kd3 Kg6 38. Kd4 Rd5+ 39. Kc4 Kf5 40. Nf2 b5+
41. Kb3 Bf8 42. Rg1 Bc5 43. Rf1 Bxf2 44. Rxf2+ Kg6 45. Rf8 Rf5 46. Rc8 Rf7 47. Ra8 g4 48. Rxa5 g3 49. axb5 g2 50. Ra1 Rf1
0-1

[Event "Capablancas Open"]
[Site "SchemingMind.com"]
[Date "2006.06.24"]
[Round "-"]
[White "e_castle3"]
[Black "jmoore"]
[Result "1-0"]
[WhiteCountry "PHI"]
[BlackCountry "USA"]
[WhiteElo "1796"]
[WhiteRD "64"]
[BlackElo "1530"]
[BlackRD "71"]
[GameID "56512"]

1. e4 e5 2. Nf3 Nc6 3. Bb5 Nf6 4. O-O Be7 5. Re1 O-O 6. c3 a6 7. Ba4 b5 8. Bc2 Bb7 9. d4 d6 10. Nbd2 d5
11. dxe5 Nd7 12. exd5 Na7 13. c4 bxc4 14. Nxc4 Nc5 15. Ne3 Re8 16. b4 Nd7 17. Qd3 g6 18. a3 Bf8 19. Bb2 Bg7 20. Rab1 Bxe5
21. Nxe5 Nxe5 22. Qd4 Nb5 23. Qf4 Qd6 24. Red1 Qe7 25. a4 Nd6 26. Qd4 Qf6 27. f4 Nd7 28. Qxf6 Nxf6 29. Bxf6 Ne4 30. Bxe4 Rxe4
31. Rb3 Rxf4 32. Be5 Re4 33. Bxc7 Rae8 34. Kf2 R8e7 35. d6 Rd7 36. Nd5 Kg7 37. Nb6 Rf4+ 38. Kg3 Rf5 39. h4 h5 40. Nxd7 Bc6
41. Nc5
1-0

[Event "Capablancas Open"]
[Site "SchemingMind.com"]
[Date "2006.06.22"]
[Round "-"]
[White "iain"]
[Black "jmoore"]
[Result "0-1"]
[WhiteCountry "USA"]
[BlackCountry "USA"]
[WhiteElo "1376"]
[WhiteRD "56"]
[BlackElo "1498"]
[BlackRD "75"]
[GameID "56513"]

1. d4 Nf6 2. c4 d5 3. Nf3 e6 4. Nc3 c5 5. cxd5 Nxd5 6. e4 Nxc3 7. bxc3 Nc6 8. Be2 Be7 9. O-O O-O 10. d5 exd5
11. exd5 Na5 12. c4 b6 13. Be3 Re8 14. Qd2 Ba6 15. Rac1 h6 16. Ne5 Qc7 17. Bf4 Bd6 18. Nd3 Bxc4 19. Bxd6 Qxd6 20. Rfe1 Bxd5
21. Nf4 Re5 22. Bc4 Nxc4 23. Rxc4 Rxe1+
0-1

[Event "Capablancas Open"]
[Site "SchemingMind.com"]
[Date "2006.06.23"]
[Round "-"]
[White "Dr_Pat"]
[Black "jmoore"]
[Result "0-1"]
[WhiteCountry "USA"]
[BlackCountry "USA"]
[WhiteElo "1469"]
[WhiteRD "51"]
[BlackElo "1699"]
[BlackRD "119"]
[GameID "56514"]

1. d4 Nf6 2. c4 d5 3. Nc3 Bf5 4. Bg5 Ne4 5. Nxe4 Bxe4 6. e3 h6 7. Bh4 Nd7 8. Bd3 Nf6 9. cxd5 Bxg2 10. f3 Bxh1
0-1

[Event "Capablancas Open"]
[Site "SchemingMind.com"]
[Date "2006.06.23"]
[Round "-"]
[White "mtrx"]
[Black "jmoore"]
[Result "1-0"]
[WhiteCountry "PHI"]
[BlackCountry "USA"]
[WhiteElo "1570"]
[WhiteRD "83"]
[BlackElo "1530"]
[BlackRD "71"]
[GameID "56515"]

1. c3 e6 2. d4 d5 3. Nf3 c5 4. Bf4 Nf6 5. e3 c4 6. Bxb8 Rxb8 7. b3 Qb6 8. Nbd2 Ba3 9. Rb1 O-O 10. Be2 Bd6
11. Qc2 Bd7 12. bxc4 Qc6 13. c5 Be7 14. Ne5 Qc7 15. Ndf3 Ne4 16. h3 Be8 17. c4 Qa5+ 18. Nd2 f6 19. Nf3 Bg6 20. Bd3 Nc3
21. Rb2 Na4 22. Rb1 Bxd3 23. Qxd3 Nc3 24. Rb3 Nxa2 25. Ra3 Nb4 26. Rxa5 Nxd3+ 27. Ke2 Nb4 28. Rxa7 Nc6 29. Raa1 Nb4 30. Rhb1 Nc6
31. cxd5 exd5 32. Nh4 g6 33. Kd3 Kg7 34. f3 f5 35. g3 Bxh4 36. gxh4 Kh6 37. f4 Kh5 38. Nf3 Rf7 39. Ra2 Re8 40. Rg2 Rfe7
41. Re1 Nb4+ 42. Kd2 Nc6 43. Rge2 Na5 44. Kd3 Nc4 45. Ne5 Nxe5+ 46. dxe5 Kxh4 47. Rh1 Kh5 48. Rg2 Ra8 49. h4 Rc8 50. Rg5+ Kh6
51. h5 Kg7 52. Kd4 Rd8= 53. Rhg1 Re6 54. Rxf5 Kh6 55. Rfg5 gxh5 56. Rh1 Rg6 57. Rgxh5+ Kg7 58. Rxh7+ Kf8 59. Rxb7 Kg8 60. Rc1 Rc6
61. Rg1+ Kh8 62. f5 Rdc8 63. Kxd5 Rxc5+ 64. Ke4 Rc4+ 65. Kf3 Re8 66. e6 Rh4 67. e4 Rh3+ 68. Kf4 Rh6 69. Rf7 Rh4+ 70. Ke5 Rh5
71. e7 Rh7 72. Ke6 Rh6+ 73. f6 Ra8 74. Rf8+
1-0

[Event "Capablancas Open"]
[Site "SchemingMind.com"]
[Date "2006.06.23"]
[Round "-"]
[White "mikewharvey"]
[Black "jmoore"]
[Result "1-0"]
[WhiteCountry "GBR"]
[BlackCountry "USA"]
[WhiteElo "1726"]
[WhiteRD "104"]
[BlackElo "1531"]
[BlackRD "71"]
[GameID "56516"]

1. e4 e5 2. Nf3 Nc6 3. Bb5 Nd4 4. Nxd4 exd4 5. O-O a6 6. Ba4 c6 7. d3 Nf6 8. Bg5 Be7 9. Nd2 O-O 10. f4 d5
11. h3 h6 12. Bh4 Nh7 13. Bxe7 Qxe7 14. Bb3 a5 15. exd5 cxd5 16. Bxd5 Ra6 17. f5 Nf6 18. Bc4 Ra7 19. Qe1 Qc5 20. Ne4 Nxe4
21. Qxe4 b5 22. Qd5 Qb4 23. Qxb5 Qd2 24. Rf2 Qg5 25. Qc5 Rb7 26. Ba6 Rb8 27. Bxc8 Rbxc8 28. Qxd4 Rfd8 29. Qb6 Ra8 30. f6 Rdb8
31. Qd4 Ra6 32. fxg7 Rd8 33. Qc4 Rf6 34. Raf1 Rxf2 35. Rxf2 Qxg7 36. Rf4 h5 37. Rh4 Qg5 38. Qf4 Qg6 39. Qe5 f5 40. Rd4 Re8
41. Qf4 Re1+ 42. Kh2 Re2 43. Qb8+ Re8 44. Rd8 Rxd8 45. Qxd8+ Kh7 46. Qxa5 f4 47. Qc7+ Kh8 48. Qxf4 Qe6 49. Qd4+ Kh7 50. Qe4+
1-0

[Event "Capablancas Open"]
[Site "SchemingMind.com"]
[Date "2006.06.23"]
[Round "-"]
[White "willygor"]
[Black "Gary"]
[Result "1-0"]
[WhiteCountry "ARG"]
[BlackCountry "ENG"]
[WhiteElo "1712"]
[WhiteRD "66"]
[BlackElo "1371"]
[BlackRD "60"]
[GameID "56572"]

1. e4 c6 2. d4 d5 3. e5 Bf5 4. Bd3 Bxd3 5. Qxd3 e6 6. Nf3 Bb4+ 7. c3 Ba5 8. O-O Ne7 9. Bg5 O-O 10. Nbd2 Nd7
11. b4 Bc7 12. c4 Qe8 13. c5 Ng6 14. a4 h6 15. Be3 f6 16. exf6 Nxf6 17. h3 e5 18. dxe5 Nxe5 19. Qc3 Rd8 20. Bd4 Nxf3+
21. Nxf3 Ne4 22. Qb2
1-0

[Event "Capablancas Open"]
[Site "SchemingMind.com"]
[Date "2006.06.23"]
[Round "-"]
[White "willygor"]
[Black "capablanca"]
[Result "1-0"]
[WhiteCountry "ARG"]
[BlackCountry "GER"]
[WhiteElo "1695"]
[WhiteRD "69"]
[BlackElo "1590"]
[BlackRD "58"]
[GameID "56573"]

1. e4 e5 2. Nf3 Nc6 3. Bc4 Bc5 4. a3 Nf6 5. Nc3 d6 6. b4 Bb6 7. d3 O-O 8. Bg5 h6 9. Bh4 Be6 10. Nd5 Bxd5
11. Bxd5 Nxd5 12. Bxd8
1-0

[Event "Capablancas Open"]
[Site "SchemingMind.com"]
[Date "2006.06.23"]
[Round "-"]
[White "willygor"]
[Black "e_castle3"]
[Result "0-1"]
[WhiteCountry "ARG"]
[BlackCountry "PHI"]
[WhiteElo "1713"]
[WhiteRD "65"]
[BlackElo "1796"]
[BlackRD "64"]
[GameID "56574"]

1. e4 g6 2. d4 Bg7 3. f4 d6 4. Nf3 e6 5. Bd3 Ne7 6. c3 O-O 7. O-O Nbc6 8. Qc2 Kh8 9. d5 exd5 10. exd5 Nxd5
11. Na3 f5 12. Bd2 Be6 13. Nb5 a6 14. Nbd4 Nxd4 15. cxd4 Qd7 16. Rae1 Rae8 17. a3 Bg8 18. Bc4 Qc6 19. Qb3 b5 20. Bxd5 Bxd5
21. Qd3 Qb7 22. Bc3 Bc4 23. Qd2 Bxf1 24. Kxf1 Qd5 25. Qf2 Re4 26. Rxe4 fxe4 27. Nd2 Re8 28. Qe3 Kg8 29. g3 c5 30. dxc5 Bxc3
31. bxc3 dxc5 32. Ke2 c4 33. h3 Qd3+ 34. Kf2 Rd8 35. Nxe4 Qxe3+ 36. Kxe3 Rd3+ 37. Kf2 Rd1 38. Nc5 Ra1 39. Nxa6 Rxa3 40. Nc7 Rb3
41. Nd5 Kf7 42. Ke3 Rb1 43. h4 Rg1 44. Kf2 Rd1 45. Nb4 Ke6 46. Ke2 Rc1 47. Nc6 Rc2+ 48. Kf3 Rxc3+ 49. Kf2 Kd6 50. Nb4 Rb3
0-1

[Event "Capablancas Open"]
[Site "SchemingMind.com"]
[Date "2006.06.23"]
[Round "-"]
[White "willygor"]
[Black "iain"]
[Result "1-0"]
[WhiteCountry "ARG"]
[BlackCountry "USA"]
[WhiteElo "1695"]
[WhiteRD "69"]
[BlackElo "1349"]
[BlackRD "61"]
[GameID "56575"]

1. e4 d6 2. f4 Nf6 3. Nc3 g6 4. Nf3 Bg7 5. d4 O-O 6. Bd3 Re8 7. O-O c5 8. f5 cxd4 9. Ne2 e6 10. Bg5 exf5
11. exf5 Bxf5 12. Nfxd4 Bxd3 13. Qxd3 Qb6 14. Bxf6 Bxf6 15. Rxf6 Qxb2 16. Raf1 Qxa2 17. Rxf7 Qxf7 18. Rxf7 Kxf7 19. Qc4+ Kg7 20. Qc7+
1-0

[Event "Capablancas Open"]
[Site "SchemingMind.com"]
[Date "2006.06.23"]
[Round "-"]
[White "willygor"]
[Black "Dr_Pat"]
[Result "1-0"]
[WhiteCountry "ARG"]
[BlackCountry "USA"]
[WhiteElo "1683"]
[WhiteRD "66"]
[BlackElo "1440"]
[BlackRD "47"]
[GameID "56576"]

1. e4 c5 2. f4 e6 3. Nf3 Nc6 4. Bb5 Qb6 5. Nc3 a6 6. Bxc6 Qxc6 7. d3 d6 8. O-O Nf6 9. Bd2 Be7 10. e5 dxe5
11. Nxe5 Qc7 12. Qe2 b5 13. Ne4 c4 14. dxc4 Bb7 15. Nxf6+ Bxf6 16. c5 Qxc5+ 17. Be3 Qc7 18. Bd4 O-O-O 19. c3 Bxe5 20. Bxe5 Qb6+
21. Bd4 Rxd4 22. cxd4 Qxd4+ 23. Qf2 Qxf2+ 24. Rxf2 h6 25. Rc1+ Kd8 26. Rd2+ Ke7 27. Rc7+ Kf6 28. Rxb7
1-0

[Event "Capablancas Open"]
[Site "SchemingMind.com"]
[Date "2006.06.23"]
[Round "-"]
[White "willygor"]
[Black "jmoore"]
[Result "1-0"]
[WhiteCountry "ARG"]
[BlackCountry "USA"]
[WhiteElo "1683"]
[WhiteRD "66"]
[BlackElo "1498"]
[BlackRD "75"]
[GameID "56577"]

1. e4 e5 2. Nf3 Nc6 3. Bc4 Nf6 4. Ng5 d5 5. exd5 Nxd5 6. Nxf7 Kxf7 7. Qf3+ Ke7 8. Bxd5 Be6 9. Bxc6 bxc6 10. d3 Bd5
11. Bg5+ Kd7 12. Qf5+ Be6 13. Qxe6+ Kxe6 14. Bxd8 Rxd8 15. O-O g6 16. Nc3 Bg7 17. Ne4 Kf5 18. b3 Rd5 19. b4 Rb8 20. Rab1 g5
21. Rb3 Kg6 22. a4 a6 23. b5 cxb5 24. axb5 axb5 25. c4 Rd4 26. cxb5 c6 27. b6 h6 28. Rc1 Kf5 29. f3 Kf4 30. Rxc6 Ke3
31. b7 Ra4 32. h3 Ra1+ 33. Kh2 Ra7 34. Rc7 Bf8 35. Rc8 Rbxb7 36. Rxb7 Rxb7 37. Rxf8 Rb6 38. Rf6 Rxf6 39. Nxf6 Kxd3 40. Kg1 Ke3
41. Kf1 Kf4 42. Kf2 Kf5 43. Nh5 Kg6 44. g4 Kf7 45. Ke3 Ke6 46. Ke4 Kd6 47. Ng7
1-0